| 000 | 00806nam a22002537a 4500 | ||
|---|---|---|---|
| 003 | dpl | ||
| 005 | 20180629163257.0 | ||
| 008 | 0 | ||
| 010 | _aA-728381 | ||
| 020 |
_c00.00 _a8170234247 |
||
| 035 | _aA-728381, A-728385, A-728382 | ||
| 037 | _bCen Lib/Ret | ||
| 040 |
_aDPL _bEN _c0 |
||
| 082 |
_a921 _bCHO |
||
| 100 |
_aChopra, P.N. _98566 |
||
| 245 |
_aThe sardar of India : _cby P.N. Chopra _bbiography of Vallabhbhai Patel / |
||
| 260 |
_aNew Delhi _bAllied Publishers _c1995 |
||
| 270 |
_bNew Delhi _a13/14 Asaf Ali Road _e110002 |
||
| 300 |
_axxi,328p. : _c21cm(Hb) _bill. |
||
| 500 | _aIncludes bibliographical references and index | ||
| 650 |
_aPatel, Vallabhbhai, -- 1875-1950 _927384 |
||
| 650 |
_aStatesmen -- India -- Biography _910868 |
||
| 942 |
_2ddc _cEN _h921 _mCHO |
||
| 999 |
_c130119 _d130119 |
||